840-> Gliwice CP - Statystyki

Ogólne statystyki
  • Ten quiz został rozwiązany 14 razy
  • Średni wynik to 14 z 23
Statystyki odpowiedzi
Miasto Przystanek % Poprawnych
Katowice Katowice Mickiewicza
100%
Gliwice Gliwice Centrum Przesiadkowe
89%
Gliwice Gliwice Zajezdnia
89%
Katowice Dąb Kościół
78%
Gliwice Gliwice Dąbrowskiego
78%
Zabrze Zabrze Goethego
78%
Zabrze Zabrze Plac Krakowski
78%
Ruda Śląska Chebzie Dworcowa
67%
Katowice Dąb Huta Baildon
67%
Katowice Park Śląski Ogród Zoologiczny
67%
Zabrze Zaborze Lompy
67%
Zabrze Zaborze Skargi
67%
Zabrze Zaborze Wolności
67%
Świętochłowice Lipiny Targowisko
56%
Świętochłowice Piaśniki Skrzyżowanie
56%
Zabrze Zabrze Damrota
56%
Zabrze Zabrze Św. Floriana
56%
Chorzów Chorzów Uniwersytet PKP
44%
Chorzów Chorzów Wodociągi
44%
Ruda Śląska Ruda Poludniowa
44%
Zabrze Zabrze Słowackiego
44%
Chorzów Chorzów Rynek
33%
Chorzów Chorzów Centrum Edukacji
22%
Nie znaleziono quizów pasujących do podanych kryteriów
Rozkład punktacji
Procent ludzi z każdym wynikiem
Percentyl według liczby udzielonych odpowiedzi
Twoja historia wyników
Nie rozwiązałeś tego quizu